000 00690nam a22002057a 4500
003 OSt
005 20250731055354.0
008 250731b |||||||| |||| 00| 0 eng d
020 _a9789719919780
040 _aDWCL-Main lib
_cOC
082 _aFil. 657 V173p 2015
100 _aConrado T. Valix
245 _a Practical accounting one : includes SMEs :
_bCPA examination, volume two/
_cConrado T. Valix
250 _a2015 edition
260 _aManila :
_bGIC Enterprises,
_cc2015.
300 _a737 pages ;
_c23 cm.
650 _a1. Acounting--Problems, exercises, ets.
650 _a2. Accounting--Examinations, questions, etc.
942 _2ddc
_cBK - FIL
_e 2015 edition
_kFil.
_n0
999 _c3920
_d3920